000 00340nam a22001457a 4500
003 SGT
082 _a343.540954
100 _aDUGGAL, PAVAN
245 _aLAW RELATING TO IPADS, TABLETS, SMARTPHONES & SMART DEVICES
250 _a1ST
260 _aNEW DELHI
_bUNIVERSAL BOOK
_c2013
300 _a243
650 _aCYBER LAW
942 _2ddc
_cBK
999 _c9800
_d9800